| 000 | 00577nam a2200241Ia 4500 | ||
|---|---|---|---|
| 003 | OSt | ||
| 005 | 20221005115501.0 | ||
| 006 | a|||||r|||| 00| 0 | ||
| 007 | ta | ||
| 008 | 221004b |||||||| |||| 00| 0 kan d | ||
| 024 | _a61813 | ||
| 037 | _cTextual | ||
| 040 |
_aCRL _cCRL _bkan |
||
| 041 |
_2kan _akan |
||
| 082 | _aV2.N5, 33H9.2 | ||
| 100 | _aVasudevayya Au. | ||
| 245 | 0 | _aChatrapatki sivaji | |
| 260 | _c1949 | ||
| 490 | _vVol. 2 | ||
| 650 | _aHISTORY | ||
| 942 |
_hV2.N5, 33H9.2 _cTEXL _2cc |
||
| 999 |
_c1034972 _d1034972 |
||